Регионална библиотека "Любен Каравелов" - Русе

Виноградарство (Запис номер 438479)

MARC детайли
000 -Лидер
Контролно поле с фиксирана дължина nam a22 a 4500
003 - Код на организацията, давaща контролен номер
Контролно поле BLK
005 - Дата и час на последна редакция
Контролно поле 20211129143057.0
008 - Елементи от данни с фиксирана дължина
fixed length control field 180411b bul|||||r ||||||| ||bul||
010 ## - Наследен системен номер
LC control number KNG00186386000
040 ## - Източник на каталожния запис
Идентификатор на билиотеката - собственик на записа BLK
041 ## - Код за език
Код за езика на текст/звукозапис или на отделно заглавие Руски
Код за езика КДБФ Руски
080 ## - УДК
Текстов определител УДК Лозарство. Лози
УДК код - определител по УДК 634.8
УДК - код + определител 634.8
100 1# - Редна дума - Автор
R(LIN) 101174
Автор Неделчев, Неделчо
Авторска отговорност първи автор
139 ## - Редно поле
Редна дума Неделчев, Неделчо и др.
245 10 - Сведения за заглавието
Заглавие Виноградарство
Подзаглавни данни Учебник для студентов Соф. и Пловдив. высших сельскохоз. инст.
Редно поле (дума) Неделчо Неделчев, Минчо Кондарев ; Пер. с болг. Е. Павловой и др. ; Под ред. В. Римша.
257 ## - Страна на издаване
Страна на създаване/издаване България
260 ## - Област на издателските данни
Име на издателя, разпространителя и проч. Земиздат
Година на издаване 1959
9 (RLIN) 209440
Място на издаване, разпространение и проч. София
300 ## - Физическа характеристика
Страници 396 с.
Илюстрации и др. ил.
Размери/Мащаб 25 см
380 ## - Жанр
Жанр Селско стопанство
500 ## - Общи забележки
Забележка Други прев. : В. Клевцова, К. Пехливановой, В. Янкова. - На загл. с. означено 2. перераб. изд. - 10 600 тир. - Библиогр. с. 387-389
650 #0 - Допълнително описание по предмет – тема
Основно описание – тема или топоним Лозарство - България
9 (RLIN) 258912
700 ## - Други автори (авторска отговорност)
9 (RLIN) 287420
Лично име Кондарев, Минчо
Автороска отговорност (Описва отношението между автора и произведението) съавт.
700 ## - Други автори (авторска отговорност)
9 (RLIN) 468080
Лично име Павлова, Е.
Автороска отговорност (Описва отношението между автора и произведението) пер. с болг.
852 ## - Местоположение
Форматна сигнатура Цб 15548
Фондова буква Хранилище
999 ## - СИСТЕМНИ КОНТРОЛНИ НОМЕРА
Koha biblionumber 438479
Koha biblioitemnumber 438479
942 ## - АРТИКУЛИ
Вид на библиотечния материал Книги
Скрит в OPAC Не
Периодичен библиозапис Да
944 ## - СЪЗДАВАНЕ И РЕДАКЦИЯ на ЗАПИСА
Създаване/Редакция Създаване
Дата на регистрацията/редакция 2021-11-29
Служител, извършил регистрацията/редакцията Ренета Константинова
Наличности
Код за отписване Код за изгубен артикул Източник на класификационната схема Код за повреда Коз за рестрикции Код за отдаване Артикулен № Име на библиотеката - собственик Име на библиотеката, в която се намира в момента Статус (Текущо местоположение) Дата на вписване в системата Местоположение - отдел Цена в лева Инвентарен номер Систематично азбучна сигнатура Баркод Цена в евро Служебен тип на артикула
  Не е изгубен Universal Decimal Classification Не е повреден само за читалня ползва се в читалня 864149 Регионална библиотека "Любен Каравелов" Русе Регионална библиотека "Любен Каравелов" Русе Хранилище 2021-11-30 Основен фонд - ползва се само за читалня 1.00 11253/59 Цб 15548 900000084258 0.51 Книги
Vip Innovations Ltd, Rousse, Bulgaria 2025